000 00804nam a2200253Ia 4500
003 OSt
005 20220923220706.0
006 a|||||r|||| 00| 0
007 ta
008 220922b |||||||| |||| 00| 0 hin d
024 _a189,221
037 _cTextual
040 _aARTS
_cARTS
_bhin
041 _2hin
_ahin
082 _aO152,2N171,TR, M9
100 _aवर्मा, चन्द्र प्रकाश
_9157686
245 0 _aत्रेता
246 _aTretā
260 _aनई दिल्ली
_b पुस्तकायन
_c1989
300 _a104पृ.
_ccm.
650 _aहिन्दी साहित्य
_9156264
942 _hO152,2N171,TR, M9
_cTEXL
_2CC
999 _c342074
_d342074